Normal view
MARC view
- Singh K
Entry Personal Name
Number of records used in: 171
001 - CONTROL NUMBER
- control field: 108752
003 - CONTROL NUMBER IDENTIFIER
- control field: OSt
005 - DATE AND TIME OF LATEST TRANSACTION
- control field: 20230125043349.0
008 - FIXED-LENGTH DATA ELEMENTS
- fixed length control field: 230125|| aca||aabn | a|a d
040 ## - CATALOGING SOURCE
- Original cataloging agency: OSt
- Transcribing agency: OSt
100 ## - HEADING--PERSONAL NAME
- Personal name: Singh K
670 ## - SOURCE DATA FOUND
- Source citation: Work cat.: (OSt)85520: Singh K, Counselling Skills for Managers, 2007